<?xml version="1.0" encoding="UTF-8"?>
<record
    xmlns:xsi="http://www.w3.org/2001/XMLSchema-instance"
    xsi:schemaLocation="http://www.loc.gov/MARC21/slim http://www.loc.gov/standards/marcxml/schema/MARC21slim.xsd"
    xmlns="http://www.loc.gov/MARC21/slim">

  <leader>00757cac a2200253 a 4500</leader>
  <controlfield tag="003">Co-PeBPM</controlfield>
  <controlfield tag="005">20250303192920.0</controlfield>
  <controlfield tag="008">231129e1986||||xx |||||||||||||| ||spa||</controlfield>
  <datafield tag="020" ind1=" " ind2=" ">
    <subfield code="a">950516079X</subfield>
  </datafield>
  <datafield tag="040" ind1="0" ind2=" ">
    <subfield code="a">Co-PeBPM</subfield>
    <subfield code="b">spa</subfield>
    <subfield code="c">Co-PeBPM</subfield>
    <subfield code="e">rda</subfield>
  </datafield>
  <datafield tag="041" ind1=" " ind2=" ">
    <subfield code="a">spa</subfield>
  </datafield>
  <datafield tag="082" ind1="0" ind2="4">
    <subfield code="a">155.232 I46h</subfield>
    <subfield code="2">22</subfield>
  </datafield>
  <datafield tag="100" ind1="1" ind2=" ">
    <subfield code="a">Ingenieros, Jos&#xE9;</subfield>
    <subfield code="e">Autor</subfield>
  </datafield>
  <datafield tag="245" ind1="1" ind2="0">
    <subfield code="a">El Hombre Mediocre</subfield>
    <subfield code="c">/ Jos&#xE9; Ingenieros</subfield>
  </datafield>
  <datafield tag="260" ind1=" " ind2=" ">
    <subfield code="a">Buenos Aires, Argentina</subfield>
    <subfield code="b">: Editorial Siglo Veinte</subfield>
    <subfield code="c">, 1986</subfield>
  </datafield>
  <datafield tag="300" ind1=" " ind2=" ">
    <subfield code="a">178 P&#xE1;ginas</subfield>
    <subfield code="c">; 12 Cent&#xED;metros.</subfield>
  </datafield>
  <datafield tag="500" ind1=" " ind2=" ">
    <subfield code="a">Incluye &#xCD;ndice.</subfield>
  </datafield>
  <datafield tag="650" ind1="1" ind2="4">
    <subfield code="2">LEMB</subfield>
    <subfield code="a">Personajes y Caracter&#xED;sticas</subfield>
  </datafield>
  <datafield tag="650" ind1="1" ind2="4">
    <subfield code="2">LEMB</subfield>
    <subfield code="a">Seres Humanos</subfield>
  </datafield>
  <datafield tag="650" ind1="1" ind2="4">
    <subfield code="2">LEMB</subfield>
    <subfield code="a">Libros Electr&#xF3;nicos</subfield>
  </datafield>
  <datafield tag="650" ind1="1" ind2="4">
    <subfield code="2">LEMB</subfield>
    <subfield code="a">Personalidad</subfield>
  </datafield>
  <datafield tag="650" ind1="1" ind2="4">
    <subfield code="2">LEMB</subfield>
    <subfield code="a">Car&#xE1;cter</subfield>
  </datafield>
  <datafield tag="942" ind1=" " ind2=" ">
    <subfield code="2">ddc</subfield>
    <subfield code="c">BK</subfield>
  </datafield>
  <datafield tag="952" ind1=" " ind2=" ">
    <subfield code="0">0</subfield>
    <subfield code="1">0</subfield>
    <subfield code="2">ddc</subfield>
    <subfield code="4">0</subfield>
    <subfield code="7">0</subfield>
    <subfield code="8">GEN</subfield>
    <subfield code="a">BRC</subfield>
    <subfield code="b">BRC</subfield>
    <subfield code="c">GEN</subfield>
    <subfield code="d">2011-11-04</subfield>
    <subfield code="l">1</subfield>
    <subfield code="o">155.232 I46h</subfield>
    <subfield code="p">29871</subfield>
    <subfield code="q">2025-08-16</subfield>
    <subfield code="r">2025-08-01 11:25:15</subfield>
    <subfield code="s">2025-08-01</subfield>
    <subfield code="t">Ej.1</subfield>
    <subfield code="w">2023-11-29</subfield>
    <subfield code="y">BK</subfield>
  </datafield>
  <datafield tag="999" ind1=" " ind2=" ">
    <subfield code="c">11280</subfield>
    <subfield code="d">11280</subfield>
  </datafield>
</record>
